<The> Political Economy of the International Debt Crisis

Guardado en:
Detalles Bibliográficos
Autor principal: Long, Ngo Van
Formato: Libro
Lenguaje:inglés
Publicado: Kiel Institut für Weltwirtschaft 1989
Edición:1. ed.
Colección:Working Paper No. 384
Etiquetas: Agregar Etiqueta
Sin Etiquetas, Sea el primero en etiquetar este registro!

MARC

LEADER 00000nam a2200000 4500
001 c037910
005 20221206131533.9
041 0 |a eng 
044 |a DE 
245 1 0 |a <The> Political Economy of the International Debt Crisis  |c Ngo Van Long 
250 |a 1. ed. 
264 1 |a Kiel  |b Institut für Weltwirtschaft  |c 1989 
300 |a 23 s. 
490 1 |a Working Paper  |v No. 384 
830 0 |a Working Paper  |v No. 384 
100 1 |a Long, Ngo Van